| 000 | 00383nam a2200121 4500 | ||
|---|---|---|---|
| 999 |
_c12423 _d12423 |
||
| 008 | 190125b ||||| |||| 00| 0 eng d | ||
| 100 |
_935053 _aMercurio, Richmond |
||
| 245 |
_aLRMC on track to start LRT-1 Cavite extension/ _cRichmond Mercurio |
||
| 260 |
_aPhilippines _bThe Philippine Star _cc2018 |
||
| 300 | _apage B7. | ||
| 650 | 0 |
_935054 _aEconomic development. |
|
| 942 |
_2ddc _cPER |
||